000 00662nam a2200241 a 4500
001 nice12345678
003 IN_TiNIC
005 20260116011627.0
008 050524s1938 a grp 000 0 eng
020 _a
_c0
082 0 0 _a297.07
_bFYZ
100 _aFyzee, A A A
245 _aIslamic Research Association
_b Fifth Annual Report and Statement of Account
260 _a
_b
_c1938
300 _a10p
500 _aincludes index and biblioraphy
505 2 _aConference Held at May 29th-31st, 1952, Vol.Xlil.No.4.Muslim World.
650 _aIslamic-Researsh Assoc.Bombay
700 1 _aFyzee, A A A
902 _bSRS
942 _cBK
999 _c2976
_d2976